000 00908nam a22002177a 4500
005 20240530110338.0
008 141022s2010 le jgr 001 0 ara d
020 _a9789953823539
040 _aEG-CaGPL
082 0 4 _221
_a320.953\
_bإ أ
100 0 _aالعربى صديقى
245 1 0 _aاعادة التفكير فى الديمقراطية العربية :
_bانتخاب بدون ديمقراطية /
_cالعربى صديقى ؛ ترجمة محمد شيا
260 _aبيروت :
_bمركز دراسات الوحدة العربية ،
_c2010
300 _a432 ص ؛
_c24 سم
650 0 4 _aالانتخابات
_xالعالم العربى
650 0 4 _aالديمقراطية
_xالعالم العربى
650 0 4 _aالانتخابات الديمقراطية
700 0 _aمحمد شيا
942 _2ddc
_cBK
999 _c59823
_d59823